00474nam a2200193Ia 4500001000700000003000500007008004100012010001100053040000900064082001200073100002300085245005200108260003900160300001100199440003000210500000500240503000500245650003000250Z_3246CHAP220113s1999 xx 000 0 und d a166354 cCHAP a860 R35 aRamos, Luis Arturo aLa casa del ahorcado /cpor Luis Arturo Ramos aMéxico, D. F. :bPlaneta,c1999 a232 p. aNarrativa actual mexicana a a aLiteratura mexicana I. t.